Thermodynamics for chemists (Record no. 20947)

MARC details
000 -LEADER
fixed length control field 00278nam a2200109Ia 4500
082 ## - DEWEY DECIMAL CLASSIFICATION NUMBER
Classification number 541.11
Item number GLA
100 ## - MAIN ENTRY--AUTHOR NAME
Personal name Glasstone, Samuel
245 #0 - TITLE STATEMENT
Title Thermodynamics for chemists
260 ## - PUBLICATION, DISTRIBUTION, ETC. (IMPRINT)
Place of publication New York
Name of publisher Van Nostrand
Year of publication 1947
942 ## - ADDED ENTRY ELEMENTS (KOHA)
Koha item type Books
Holdings
Withdrawn status Lost status Damaged status Not for loan Home library Current library Date acquired Cost, normal purchase price Full call number Accession Number Koha item type
        RRII Library RRII Library 16/12/2021 10.00 541.11 GLA 01669 Books